000 00575nam a2200205Ia 4500
005 20250923144551.0
008 008 250917s9999 xx 000 0 eng d
037 _aTextual
040 _aDSWL
_beng
_cDSWL
041 _aeng
_2eng
084 _aX:75:4:N5, J6
_qDSWL
100 _aZinkin, Mawrice
_9826169
245 0 _aDevelopment for free Asia
_cby Mawrice Zinkin.
260 _aLondon
_b Chatto & Windus
_c1956
300 _avii,1263p.
365 _aINR
_b21
925 _g21
942 _cTEXL
_hX:75:4:N5, J6
999 _c1440592
_d1440592